[Event "POL-chT 2nd League"]
[Site "Jastrzebia Gora"]
[Date "2023.09.09"]
[Round "8.89"]
[White "Zgadzaj, Rafal"]
[Black "Rusiniak, Slawomir"]
[Result "1/2-1/2"]
[WhiteElo "1913"]
[BlackElo "2073"]
[PlyCount "137"]
[EventDate "2023.09.02"]
[EventType "team-swiss"]
[EventRounds "9"]
[EventCountry "POL"]
[SourceTitle "EXT 2024"]
[Source "ChessBase"]
[SourceDate "2023.10.10"]
[SourceVersion "1"]
[SourceVersionDate "2023.10.10"]
[SourceQuality "1"]
[WhiteTeam "Nysa Gekon"]
[BlackTeam "Zakrzewo Korona"]
[WhiteTeamCountry "POL"]
[BlackTeamCountry "POL"]

1. c4 g6 2. Nf3 Bg7 3. g3 Nf6 4. Bg2 0-0 5. 0-0 c6 6. d3 d5 7. Nbd2 Re8 8. Ne5 Nbd7 9. Ndf3 Nxe5 10. Nxe5 dxc4 11. Nxc4 Nd5 12. a4 Be6 13. a5 Rc8 14. Bd2 Nc7 15. Be3 Nb5 16. Re1 Bd5 17. Bh3 Rc7 18. Bc5 e5 19. Na3 Nxa3 20. Rxa3 Bf8 21. Qc1 Bxc5 22. Qxc5 a6 23. Ra4 Rce7 24. e4 Be6 25. Bf1 Rd7 26. Rb4 Qc7 27. Rd1 Red8 28. Ra1 Rd4 29. Raa4 Rxb4 30. Rxb4 Bc8 31. h4 Qd6 32. Qb6 Kg7 33. Be2 h5 34. Rc4 Be6 35. Rb4 Rd7 36. Ra4 f6 37. Qb4 c5 38. Qc3 Qc6 39. Ra1 Rd4 40. Rc1 Rb4 41. Qxb4 cxb4 42. Rxc6 bxc6 43. d4 Bc8 44. dxe5 fxe5 45. f4 Kf6 46. Kf2 c5 47. Ke3 Bb7 48. Kd3 Bc6 49. Ke3 Bb7 50. Bc4 Bc8 51. Bd5 Bh3 52. Bc4 Bc8 53. Bd3 Bb7 54. Be2 Bc8 55. f5 Bb7 56. Bd3 Bc8 57. Kd2 Bb7 58. fxg6 Kxg6 59. Kc2 Kf6 60. Kb3 Ke6 61. Be2 Bxe4 62. Bxa6 Bf3 63. Kc2 Kd6 64. Kd3 Bd5 65. Bb5 Bf7 66. Ba6 Bd5 67. Bb5 Bf7 68. Ba6 Bg6+ 69. Ke3 1/2-1/2

[Event "POL-chT 2nd League"]
[Site "Jastrzebia Gora"]
[Date "2023.09.06"]
[Round "5.29"]
[White "Zgadzaj, Rafal"]
[Black "Lonski, Aleksander"]
[Result "0-1"]
[WhiteElo "1913"]
[BlackElo "1805"]
[PlyCount "68"]
[EventDate "2023.09.02"]
[EventType "team-swiss"]
[EventRounds "9"]
[EventCountry "POL"]
[SourceTitle "EXT 2024"]
[Source "ChessBase"]
[SourceDate "2023.10.10"]
[SourceVersion "1"]
[SourceVersionDate "2023.10.10"]
[SourceQuality "1"]
[WhiteTeam "Nysa Gekon"]
[BlackTeam "Koszalin Hetman Politechnika"]
[WhiteTeamCountry "POL"]
[BlackTeamCountry "POL"]

1. Nf3 c5 2. c4 g6 3. Nc3 Bg7 4. g3 Nc6 5. Bg2 e6 6. 0-0 Nge7 7. d3 0-0 8. Bd2 d5 9. cxd5 exd5 10. Qc1 Be6 11. Bh6 Qd7 12. Bxg7 Kxg7 13. Ng5 Rac8 14. Re1 h6 15. Nxe6+ fxe6 16. Qd2 Rf7 17. Rac1 b6 18. Rf1 Rcf8 19. a3 Nd4 20. Qd1 Nec6 21. Nb1 Ne5 22. Nd2 Rf6 23. e3 Ndf3+ 24. Nxf3 Nxf3+ 25. Bxf3 Rxf3 26. Kg2 Qf7 27. Qe2 Qf5 28. b4 c4 29. dxc4 Qe4 30. Kg1 d4 31. Qb2 e5 32. exd4 exd4 33. Rcd1 Rd3 34. Qc2 Rxg3+ 0-1

[Event "Titled Tuesday intern op 23rd May Early"]
[Site "Chess.com INT"]
[Date "2023.05.23"]
[Round "9"]
[White "Castillo Pena, Patricia Evarista"]
[Black "Zgadzaj, Rafal"]
[Result "0-1"]
[WhiteElo "1783"]
[BlackElo "1994"]
[PlyCount "52"]
[EventDate "2023.05.23"]
[EventType "swiss (blitz)"]
[EventRounds "11"]
[EventCountry "USA"]
[SourceTitle "CBM 214 Extra"]
[Source "ChessBase"]
[SourceDate "2023.07.31"]
[SourceVersion "1"]
[SourceVersionDate "2023.07.31"]
[SourceQuality "1"]

1. d4 e6 2. Nf3 d5 3. e3 Bd6 4. Bd3 c6 5. b3 Nf6 6. Bb2 Nbd7 7. 0-0 b6 8. Ne5 Bb7 9. f4 Qe7 10. c4 Ne4 11. a3 f5 12. Qh5+ g6 13. Qe2 0-0 14. Nd2 Ndf6 15. b4 Nxd2 16. Qxd2 Ne4 17. Bxe4 fxe4 18. Rac1 Ba6 19. Rf2 Bxe5 20. fxe5 Bxc4 21. Rxc4 dxc4 22. Bc3 b5 23. Qe2 Rxf2 24. Qxf2 Rf8 25. Qe2 Qf7 26. h3 Qf5 0-1

[Event "Titled Tuesday intern op 23rd May Early"]
[Site "Chess.com INT"]
[Date "2023.05.23"]
[Round "6"]
[White "Zgadzaj, Rafal"]
[Black "Vargas Rodriguez, Wilver"]
[Result "0-1"]
[WhiteElo "1994"]
[BlackElo "2332"]
[PlyCount "80"]
[EventDate "2023.05.23"]
[EventType "swiss (blitz)"]
[EventRounds "11"]
[EventCountry "USA"]
[SourceTitle "CBM 214 Extra"]
[Source "ChessBase"]
[SourceDate "2023.07.31"]
[SourceVersion "1"]
[SourceVersionDate "2023.07.31"]
[SourceQuality "1"]

1. d4 Nf6 2. Bg5 e6 3. e4 d6 4. Bd3 Nbd7 5. Nf3 e5 6. 0-0 Be7 7. c3 0-0 8. h3 Re8 9. Nbd2 c6 10. Re1 Qc7 11. Qc2 Nf8 12. Nc4 Ng6 13. Rad1 b5 14. Ne3 a6 15. Nf5 Bxf5 16. exf5 Nf4 17. dxe5 Nxd3 18. Rxd3 dxe5 19. Rxe5 Nd5 20. Bxe7 Rxe7 21. Rxe7 Qxe7 22. c4 Nb4 23. Qd2 Nxd3 24. Qxd3 Rd8 25. Qc2 Qd6 26. cxb5 cxb5 27. Qe4 Qd5 28. Qe7 Qd1+ 29. Ne1 Qd7 30. Qe3 Re8 31. Qc1 Qxf5 32. Nf3 Rc8 33. Qe3 Qc5 34. Qe4 Qc2 35. Qb7 Qc1+ 36. Kh2 Qc7+ 37. Qxc7 Rxc7 38. Nd4 Rd7 39. Nf5 Rd2 40. Kg3 Rxb2 0-1

[Event "Titled Tuesday intern op 18th Apr Early"]
[Site "Chess.com INT"]
[Date "2023.04.18"]
[Round "1"]
[White "Danielyan, Vahe"]
[Black "Zgadzaj, Rafal"]
[Result "1-0"]
[WhiteElo "2346"]
[BlackElo "1994"]
[PlyCount "99"]
[EventDate "2023.04.18"]
[EventType "swiss (blitz)"]
[EventRounds "11"]
[EventCountry "USA"]
[SourceTitle "EXT 2024"]
[Source "ChessBase"]
[SourceDate "2023.10.10"]
[SourceVersion "1"]
[SourceVersionDate "2023.10.10"]
[SourceQuality "1"]

1. d4 c6 2. c4 g6 3. Nc3 f5 4. Nf3 Nf6 5. Bf4 d6 6. e3 Bg7 7. Bd3 0-0 8. h3 Na6 9. 0-0 Bd7 10. a3 c5 11. d5 Nc7 12. Rc1 a6 13. Rc2 b5 14. Re1 Rb8 15. Bh2 bxc4 16. Bxc4 Bb5 17. Nxb5 axb5 18. Ba2 b4 19. Bc4 Ne4 20. Qd3 Qd7 21. Nd2 Nxd2 22. Rxd2 bxa3 23. bxa3 Rb6 24. e4 f4 25. e5 Qf5 26. Qxf5 Rxf5 27. exd6 exd6 28. g4 Rf7 29. Re4 Nb5 30. Bxf4 Nxa3 31. Be3 Nxc4 32. Rxc4 Be5 33. Kg2 Rb2 34. Rxb2 Bxb2 35. Re4 Bf6 36. Re6 Be5 37. Bxc5 dxc5 38. Rxe5 Rd7 39. Kf3 Kf7 40. Ke4 Rc7 41. d6 Rc8 42. Kd5 c4 43. d7 Rd8 44. Kd6 c3 45. Rc5 Ra8 46. Rxc3 Ra6+ 47. Rc6 Ra1 48. d8Q Rd1+ 49. Kc7 Rxd8 50. Kxd8 1-0

[Event "Titled Tuesday intern op 18th Apr Early"]
[Site "Chess.com INT"]
[Date "2023.04.18"]
[Round "10"]
[White "Kriti, Mayur Patel"]
[Black "Zgadzaj, Rafal"]
[Result "0-1"]
[WhiteElo "1434"]
[BlackElo "1994"]
[PlyCount "80"]
[EventDate "2023.04.18"]
[EventType "swiss (blitz)"]
[EventRounds "11"]
[EventCountry "USA"]
[SourceTitle "EXT 2024"]
[Source "ChessBase"]
[SourceDate "2023.10.10"]
[SourceVersion "1"]
[SourceVersionDate "2023.10.10"]
[SourceQuality "1"]

1. e4 e6 2. d4 d5 3. Nc3 dxe4 4. Nxe4 Bd7 5. Nf3 Bc6 6. Bd3 Nd7 7. c3 Ngf6 8. Nxf6+ Nxf6 9. 0-0 Bd6 10. Re1 0-0 11. Bg5 h6 12. Bh4 Be7 13. Ne5 Qd5 14. Nf3 Qh5 15. Bg3 Bxf3 16. Qxf3 Qxf3 17. gxf3 Bd6 18. Bc2 Rad8 19. Be5 Nd7 20. f4 Rfe8 21. Re3 Nf8 22. Rg3 g6 23. Bf6 Be7 24. Be5 Rd7 25. h4 f6 26. Bxg6 Nxg6 27. Rxg6+ Kf7 28. h5 fxe5 29. fxe5 Rg8 30. Kh2 Rxg6 31. hxg6+ Kxg6 32. Rg1+ Kh7 33. f4 Bd8 34. Kh3 Rf7 35. Kg4 Rg7+ 36. Kh5 Rxg1 37. f5 exf5 38. e6 Rg5+ 39. Kh4 Rg4+ 40. Kh5 Rh4# 0-1

[Event "Titled Tuesday intern op 18th Apr Early"]
[Site "Chess.com INT"]
[Date "2023.04.18"]
[Round "6"]
[White "Kubatko, Ivan"]
[Black "Zgadzaj, Rafal"]
[Result "0-1"]
[WhiteElo "2257"]
[BlackElo "1994"]
[PlyCount "74"]
[EventDate "2023.04.18"]
[EventType "swiss (blitz)"]
[EventRounds "11"]
[EventCountry "USA"]
[SourceTitle "EXT 2024"]
[Source "ChessBase"]
[SourceDate "2023.10.10"]
[SourceVersion "1"]
[SourceVersionDate "2023.10.10"]
[SourceQuality "1"]

1. e4 e6 2. d4 d5 3. exd5 exd5 4. Nf3 Bd6 5. c4 dxc4 6. Bxc4 Ne7 7. 0-0 0-0 8. Nc3 Bg4 9. h3 Bh5 10. g4 Bg6 11. Ne5 Bxe5 12. dxe5 Nbc6 13. f4 Qxd1 14. Rxd1 Rad8 15. f5 Rxd1+ 16. Nxd1 Nxf5 17. gxf5 Bxf5 18. Bf4 Bxh3 19. Nf2 Be6 20. Rc1 Rd8 21. Bxe6 fxe6 22. Rc4 Rd4 23. Rxd4 Nxd4 24. Be3 Nc6 25. Nd3 b6 26. Kg2 Kf7 27. Kf3 h6 28. Ke4 g5 29. b4 Ne7 30. Nb2 Nd5 31. Bd2 Kg6 32. Nc4 Kh5 33. a4 Kg4 34. a5 h5 35. a6 h4 36. Ne3+ Nxe3 37. Bxe3 Kg3 0-1

[Event "Titled Tuesday intern op 18th Apr Early"]
[Site "Chess.com INT"]
[Date "2023.04.18"]
[Round "5"]
[White "Osinenko, Anton"]
[Black "Zgadzaj, Rafal"]
[Result "1-0"]
[WhiteElo "2203"]
[BlackElo "1994"]
[PlyCount "65"]
[EventDate "2023.04.18"]
[EventType "swiss (blitz)"]
[EventRounds "11"]
[EventCountry "USA"]
[SourceTitle "EXT 2024"]
[Source "ChessBase"]
[SourceDate "2023.10.10"]
[SourceVersion "1"]
[SourceVersionDate "2023.10.10"]
[SourceQuality "1"]

1. e4 c6 2. d4 d5 3. Nc3 dxe4 4. Nxe4 Nf6 5. Ng3 g6 6. c3 Bg7 7. Nf3 Bg4 8. Be2 0-0 9. Ne5 Bxe2 10. Qxe2 Nbd7 11. f4 e6 12. 0-0 Nd5 13. Bd2 b5 14. Nxc6 Qc7 15. Ne5 Rfc8 16. Ne4 N7f6 17. Ng5 Rf8 18. a3 h6 19. Ngf3 a5 20. Qd3 Rfc8 21. Rab1 Qb6 22. h3 Ra7 23. Kh2 Rac7 24. g4 Ne8 25. f5 exf5 26. gxf5 g5 27. Rg1 b4 28. c4 f6 29. cxd5 fxe5 30. dxe5 Rc2 31. f6 Qf2+ 32. Rg2 Qxf3 33. Qxf3 1-0

[Event "Titled Tuesday intern op 18th Apr Early"]
[Site "Chess.com INT"]
[Date "2023.04.18"]
[Round "7"]
[White "Zgadzaj, Rafal"]
[Black "Cnejev, Vladimir Alexandru"]
[Result "0-1"]
[WhiteElo "1994"]
[BlackElo "2374"]
[PlyCount "114"]
[EventDate "2023.04.18"]
[EventType "swiss (blitz)"]
[EventRounds "11"]
[EventCountry "USA"]
[SourceTitle "EXT 2024"]
[Source "ChessBase"]
[SourceDate "2023.10.10"]
[SourceVersion "1"]
[SourceVersionDate "2023.10.10"]
[SourceQuality "1"]

1. e4 g6 2. Nc3 Bg7 3. g3 d6 4. Bg2 c5 5. Nge2 Nc6 6. 0-0 e6 7. d3 Nge7 8. Be3 0-0 9. Qd2 Rb8 10. Rae1 b5 11. Bh6 b4 12. Nd1 Qa5 13. Bxg7 Kxg7 14. b3 Qxa2 15. Ne3 Qa5 16. h4 h5 17. g4 hxg4 18. Nxg4 Rh8 19. Qf4 Qd8 20. e5 Nd5 21. Bxd5 exd5 22. Qf6+ Kg8 23. Qxd8+ Nxd8 24. Nf6+ Kg7 25. Nxd5 dxe5 26. Ng3 Be6 27. Nc7 f6 28. Re3 Rb7 29. Nxe6+ Nxe6 30. Ne4 Rxh4 31. Rfe1 Rc7 32. Rg3 f5 33. Nd2 Kf6 34. Nc4 e4 35. dxe4 Rxe4 36. Rd1 Nd4 37. Nd6 Re6 38. Nc4 Ne2+ 39. Kg2 Nxg3 40. fxg3 Rce7 41. Kh3 Re2 42. Rd6+ R7e6 43. Rd7 Rxc2 44. Rxa7 Kg5 45. Rd7 Re8 46. Rh7 Re1 47. g4 Rh1+ 48. Kg3 f4+ 49. Kf3 Rxh7 50. Ne5 Rh3+ 51. Ke4 Re3+ 52. Kd5 Rd2+ 53. Kc4 Rxe5 54. Kb5 f3 55. Kc4 f2 56. Kb5 f1Q+ 57. Ka4 Qa6# 0-1

[Event "Titled Tuesday intern op 18th Apr Early"]
[Site "Chess.com INT"]
[Date "2023.04.18"]
[Round "11"]
[White "Zgadzaj, Rafal"]
[Black "De Andrade, Dalson Holanda Cav"]
[Result "1-0"]
[WhiteElo "1994"]
[BlackElo "1866"]
[PlyCount "103"]
[EventDate "2023.04.18"]
[EventType "swiss (blitz)"]
[EventRounds "11"]
[EventCountry "USA"]
[SourceTitle "EXT 2024"]
[Source "ChessBase"]
[SourceDate "2023.10.10"]
[SourceVersion "1"]
[SourceVersionDate "2023.10.10"]
[SourceQuality "1"]

1. b4 Nf6 2. Bb2 e6 3. b5 Be7 4. e4 d6 5. d3 0-0 6. Nd2 c6 7. a4 a6 8. bxc6 Nxc6 9. Ngf3 Bd7 10. Be2 b5 11. axb5 axb5 12. 0-0 Qc7 13. Nb3 h6 14. Qd2 Rfc8 15. Rxa8 Rxa8 16. Ra1 Rxa1+ 17. Bxa1 d5 18. e5 Ne8 19. g4 Qa7 20. Bb2 Qa2 21. Qc1 Na5 22. Nxa5 Qxa5 23. Nd4 Nc7 24. Nb3 Qa4 25. Qa1 Qxa1+ 26. Bxa1 Na6 27. Kf1 Kf8 28. Ke1 Ke8 29. Kd1 Kd8 30. Bd4 Kc7 31. f4 Nb8 32. h3 Nc6 33. Be3 g5 34. fxg5 Bxg5 35. Bxg5 hxg5 36. d4 Ne7 37. Nc5 Bc6 38. Bd3 Nc8 39. Ke2 Nb6 40. Kf2 Na4 41. Kg3 Nxc5 42. dxc5 b4 43. h4 gxh4+ 44. Kxh4 Ba4 45. Kg5 Kc6 46. Kf6 Kxc5 47. Kxf7 b3 48. cxb3 Bxb3 49. g5 Bd1 50. Kxe6 Kd4 51. Bf5 Bh5 52. g6 1-0

[Event "Titled Tuesday intern op 21st Mar Late"]
[Site "Chess.com INT"]
[Date "2023.03.21"]
[Round "9"]
[White "Carbone, Diego"]
[Black "Zgadzaj, Rafal"]
[Result "1-0"]
[WhiteElo "2336"]
[BlackElo "1994"]
[PlyCount "137"]
[EventDate "2023.03.21"]
[EventType "swiss (blitz)"]
[EventRounds "11"]
[EventCountry "USA"]
[SourceTitle "EXT 2024"]
[Source "ChessBase"]
[SourceDate "2023.10.10"]
[SourceVersion "1"]
[SourceVersionDate "2023.10.10"]
[SourceQuality "1"]

1. d4 c6 2. Nf3 d5 3. c4 Nf6 4. e3 Bf5 5. Nc3 e6 6. Nh4 Bg6 7. Be2 Nbd7 8. 0-0 Bd6 9. g3 0-0 10. Nxg6 hxg6 11. Qb3 Qb6 12. Rd1 Qxb3 13. axb3 a6 14. f3 Rad8 15. Kg2 Rfe8 16. Bd2 Bb8 17. Be1 Bc7 18. Bf2 Bd6 19. Rac1 Bb4 20. h4 Rc8 21. g4 Bd6 22. Rh1 e5 23. cxd5 exd4 24. dxc6 Rxc6 25. exd4 Rxc3 26. bxc3 Rxe2 27. Rhe1 Rb2 28. Rb1 Rc2 29. Rec1 Rxc1 30. Rxc1 Bf4 31. Rd1 Nd5 32. Rd3 N7f6 33. g5 Nd7 34. Bg3 Kf8 35. c4 Bxg3 36. Kxg3 Nb4 37. Rd2 Ke7 38. Kg4 Kd6 39. f4 b5 40. Rd1 bxc4 41. bxc4 Nc2 42. Kf3 a5 43. Ke4 a4 44. Rc1 Nb4 45. Ra1 Nb6 46. c5+ Kc6 47. cxb6 Kxb6 48. Rxa4 Nc6 49. Ra1 Ne7 50. Rb1+ Kc6 51. Rc1+ Kd6 52. Ra1 Nf5 53. Ra6+ Ke7 54. Ra7+ Ke6 55. d5+ Kd6 56. Rxf7 Nxh4 57. Rxg7 Kc5 58. Ke5 Nf3+ 59. Ke6 Nd4+ 60. Ke7 Kxd5 61. Rxg6 Ke4 62. Kf6 Nf3 63. Rg8 Kxf4 64. g6 Nh4 65. g7 Nf5 66. Rf8 Kg4 67. g8Q+ Kh5 68. Kxf5 Kh4 69. Qg4# 1-0

[Event "Titled Tuesday intern op 21st Mar Late"]
[Site "Chess.com INT"]
[Date "2023.03.21"]
[Round "8"]
[White "Zgadzaj, Rafal"]
[Black "Baskakov, Egor"]
[Result "0-1"]
[WhiteElo "1994"]
[BlackElo "2215"]
[PlyCount "142"]
[EventDate "2023.03.21"]
[EventType "swiss (blitz)"]
[EventRounds "11"]
[EventCountry "USA"]
[SourceTitle "EXT 2024"]
[Source "ChessBase"]
[SourceDate "2023.10.10"]
[SourceVersion "1"]
[SourceVersionDate "2023.10.10"]
[SourceQuality "1"]

1. e4 c5 2. f4 Nc6 3. Nf3 g6 4. Bc4 Bg7 5. d3 e6 6. e5 Nge7 7. Nc3 0-0 8. 0-0 d5 9. exd6 Nf5 10. Ne4 Nxd6 11. Nxd6 Qxd6 12. c3 b6 13. Be3 Bb7 14. Qe2 Rad8 15. Rad1 Qc7 16. a4 Rd7 17. Ng5 Rfd8 18. Rd2 Na5 19. Ba2 Bd5 20. Bxd5 Rxd5 21. Ne4 Qd7 22. Nf2 Qxa4 23. Qf3 Qc6 24. Re2 R5d7 25. Qxc6 Nxc6 26. Ra1 Na5 27. g3 h5 28. Kg2 Bf6 29. Ra4 Kg7 30. Bxc5 Nb3 31. Be3 Be7 32. h3 Bc5 33. d4 Be7 34. Nd3 Bd6 35. Ne5 Bxe5 36. fxe5 Na5 37. Bg5 Rc8 38. Bf6+ Kg8 39. g4 Nc6 40. gxh5 gxh5 41. Kf3 Kh7 42. Rg2 Rg8 43. Rxg8 Kxg8 44. Ra1 Ne7 45. Rg1+ Ng6 46. Rg5 h4 47. Rg4 b5 48. Bxh4 b4 49. Bf6 bxc3 50. bxc3 Rc7 51. Ke4 Rxc3 52. h4 Rh3 53. d5 exd5+ 54. Kxd5 Kh7 55. Rg5 Kh6 56. Rg4 Kh5 57. Ra4 Nxh4 58. Bxh4 Rxh4 59. Rxa7 Kg6 60. e6 f5 61. e7 Re4 62. Kd6 Kf6 63. Ra3 Rxe7 64. Rf3 Re1 65. Kd5 Kg5 66. Kd4 f4 67. Ra3 Kg4 68. Ra8 Kf3 69. Rg8 Re7 70. Kc3 Kf2 71. Kd2 f3 0-1

[Event "Titled Tuesday intern op 21st Mar Late"]
[Site "Chess.com INT"]
[Date "2023.03.21"]
[Round "5"]
[White "Zgadzaj, Rafal"]
[Black "Winkels, Marcel"]
[Result "1-0"]
[WhiteElo "1994"]
[BlackElo "1949"]
[PlyCount "73"]
[EventDate "2023.03.21"]
[EventType "swiss (blitz)"]
[EventRounds "11"]
[EventCountry "USA"]
[SourceTitle "EXT 2024"]
[Source "ChessBase"]
[SourceDate "2023.10.10"]
[SourceVersion "1"]
[SourceVersionDate "2023.10.10"]
[SourceQuality "1"]

1. e4 c5 2. Nf3 d6 3. c3 Bg4 4. h3 Bxf3 5. Qxf3 Nc6 6. Be2 g6 7. d3 Bg7 8. Na3 Nf6 9. 0-0 0-0 10. Be3 b6 11. Qg3 Rb8 12. f4 b5 13. Rac1 b4 14. Nc4 bxc3 15. bxc3 Na5 16. Nxa5 Qxa5 17. Rc2 Nd7 18. Rfc1 Rb7 19. Bg4 e6 20. f5 exf5 21. exf5 Ne5 22. Be2 Rfb8 23. fxg6 hxg6 24. d4 Nd7 25. Qxd6 Re8 26. Bf2 Qa3 27. Bc4 Nb6 28. Bb3 Bf8 29. Qxg6+ Bg7 30. Qc6 Rbe7 31. dxc5 Nc8 32. Rf1 Be5 33. Qg6+ Kf8 34. Qh6+ Bg7 35. Qg5 Re2 36. Rxe2 Rxe2 37. Qf5 1-0

[Event "Bytom Black Horse School Cup"]
[Site "Bytom"]
[Date "2023.01.28"]
[Round "2"]
[White "Zgadzaj, Rafal"]
[Black "Blasiak, Miroslaw"]
[Result "0-1"]
[WhiteElo "1975"]
[BlackElo "1566"]
[PlyCount "133"]
[EventDate "2023.01.28"]
[EventType "swiss (rapid)"]
[EventRounds "9"]
[EventCountry "POL"]
[SourceTitle "CBM 213 Extra"]
[Source "ChessBase"]
[SourceDate "2023.05.31"]
[SourceVersion "1"]
[SourceVersionDate "2023.05.31"]
[SourceQuality "1"]

1. d4 d5 2. Nf3 Nf6 3. c4 e6 4. g3 Be7 5. Bg2 0-0 6. 0-0 c5 7. dxc5 Bd7 8. Nbd2 Bxc5 9. b3 Qe7 10. Bb2 Nc6 11. e3 Rac8 12. Qe2 Rfd8 13. Rfd1 h6 14. h4 Ba3 15. Bc3 Ne4 16. Nxe4 dxe4 17. Nd4 f5 18. Nb5 Bc5 19. Bb2 a6 20. Nc3 Be8 21. Rxd8 Rxd8 22. Rd1 Rxd1+ 23. Qxd1 Nb4 24. Bf1 Qd7 25. Qxd7 Bxd7 26. a3 Nc6 27. b4 Be7 28. Be2 Bf6 29. Kf1 Ne5 30. Ke1 Be8 31. Kd2 Kf8 32. Kc2 Bc6 33. b5 axb5 34. cxb5 Bd5 35. Nxd5 exd5 36. Bd4 Nd7 37. Bxf6 Nxf6 38. Kc3 Ke7 39. Kd4 Kd6 40. Bd1 b6 41. Bb3 g5 42. hxg5 hxg5 43. Bd1 Nd7 44. f3 Nc5 45. fxe4 fxe4 46. Bh5 Ne6+ 47. Kc3 Kc5 48. a4 Ng7 49. Bg6 Ne6 50. Bf7 Nd8 51. Bg8 Nb7 52. Bh7 Nd6 53. Kd2 Nc4+ 54. Ke2 Nb2 55. Bg8 Nxa4 56. Kd2 Nb2 57. Bf7 Nc4+ 58. Ke2 Nd6 59. Be6 Nxb5 60. Kd2 Nd6 61. g4 b5 62. Kc3 b4+ 63. Kd2 Nc4+ 64. Ke2 b3 65. Kd1 Nxe3+ 66. Kd2 Nc4+ 67. Kc3 0-1

[Event "Bytom Black Horse School Cup"]
[Site "Bytom"]
[Date "2023.01.28"]
[Round "8"]
[White "Zgadzaj, Rafal"]
[Black "Radzimski, Antoni"]
[Result "1-0"]
[WhiteElo "1975"]
[BlackElo "1842"]
[PlyCount "105"]
[EventDate "2023.01.28"]
[EventType "swiss (rapid)"]
[EventRounds "9"]
[EventCountry "POL"]
[SourceTitle "CBM 213 Extra"]
[Source "ChessBase"]
[SourceDate "2023.05.31"]
[SourceVersion "1"]
[SourceVersionDate "2023.05.31"]
[SourceQuality "1"]

1. c4 e6 2. Nf3 d5 3. e3 Nf6 4. Nc3 c5 5. cxd5 exd5 6. d4 cxd4 7. Nxd4 Be7 8. Be2 0-0 9. 0-0 Nc6 10. Bf3 Re8 11. b3 a6 12. Bb2 Bc5 13. Nxc6 bxc6 14. Rc1 Bd7 15. Nxd5 Nxd5 16. Rxc5 Qe7 17. Qd4 Nf6 18. Re5 Qd8 19. Rxe8+ Qxe8 20. Rd1 Rc8 21. Qd6 Be6 22. Rc1 Nd5 23. h3 Ne7 24. Qe5 Qf8 25. Be4 Ng6 26. Qa5 c5 27. Ba3 f5 28. Qxa6 Qf6 29. Bd5 Re8 30. Bxe6+ Rxe6 31. Qc8+ Kf7 32. Qxc5 h6 33. Qc8 Ne5 34. Qf8+ Kg6 35. Qxf6+ Rxf6 36. Bb2 Re6 37. Bxe5 Rxe5 38. a4 Re4 39. Rc4 Re6 40. b4 Rb6 41. b5 Kg5 42. Rb4 Rd6 43. b6 Rd1+ 44. Kh2 h5 45. b7 h4 46. b8R f4 47. R8b5+ Kh6 48. Rxf4 g5 49. Rf6+ Kh5 50. Rbb6 g4 51. hxg4+ Kxg4 52. Rb5 h3 53. Rf4# 1-0

[Event "Ustron op-B"]
[Site "Ustron"]
[Date "2022.08.18"]
[Round "7"]
[White "Zabron, Maksym"]
[Black "Zgadzaj, Rafal"]
[Result "0-1"]
[WhiteElo "2064"]
[BlackElo "2071"]
[PlyCount "84"]
[EventDate "2022.08.12"]
[EventType "swiss"]
[EventRounds "9"]
[EventCountry "POL"]
[SourceTitle "CBM 209 Extra"]
[Source "ChessBase"]
[SourceDate "2022.09.30"]
[SourceVersion "1"]
[SourceVersionDate "2022.09.30"]
[SourceQuality "1"]

1. d4 d6 2. e4 Nf6 3. Nc3 g6 4. f4 Bg7 5. Nf3 0-0 6. Bd3 Nc6 7. 0-0 Bg4 8. Be3 e5 9. Ne2 Bxf3 10. gxf3 exd4 11. Nxd4 Nxd4 12. Bxd4 Nh5 13. Bxg7 Kxg7 14. f5 Qf6 15. c3 Nf4 16. Qd2 Qe5 17. Bc2 h6 18. Kh1 Rae8 19. fxg6 fxg6 20. Qd4 b6 21. a4 a5 22. Rfe1 Qxd4 23. cxd4 Ne6 24. d5 Nd4 25. Bd1 Nxf3 26. Bxf3 Rxf3 27. Rac1 Re7 28. Rc3 Rf2 29. Rec1 Rxb2 30. Rxc7 Rxc7 31. Rxc7+ Kf6 32. Rd7 Ke5 33. Re7+ Kd4 34. Re6 Kc5 35. Rxg6 Re2 36. Rxh6 Rxe4 37. Rh8 Rxa4 38. h4 b5 39. h5 b4 40. h6 b3 41. h7 Rh4+ 42. Kg2 a4 0-1

[Event "Wroclaw Anderssen Memorial"]
[Site "Wroclaw"]
[Date "2022.07.30"]
[Round "8"]
[White "Czyz, Andrzej"]
[Black "Zgadzaj, Rafal"]
[Result "0-1"]
[WhiteElo "1853"]
[BlackElo "2071"]
[PlyCount "86"]
[EventDate "2022.07.30"]
[EventType "swiss (rapid)"]
[EventRounds "9"]
[EventCountry "POL"]
[SourceTitle "CBM 209 Extra"]
[Source "ChessBase"]
[SourceDate "2022.09.30"]
[SourceVersion "1"]
[SourceVersionDate "2022.09.30"]
[SourceQuality "1"]

1. e4 d6 2. d4 Nf6 3. Nc3 g6 4. Nf3 Bg7 5. h3 0-0 6. Bc4 c6 7. a4 Qc7 8. Bb3 Nbd7 9. 0-0 b6 10. Bg5 h6 11. Bf4 e5 12. dxe5 dxe5 13. Bh2 Ba6 14. Re1 Rad8 15. Qc1 Nh5 16. Nh4 Kh7 17. a5 bxa5 18. Qe3 Qb6 19. Na4 Qxe3 20. Rxe3 Nf4 21. Nf3 Bb5 22. Nc3 Nc5 23. Rxa5 Nxb3 24. cxb3 a6 25. Ra1 Rd7 26. Bg3 Rfd8 27. Bh4 g5 28. Bg3 f6 29. Kh2 Bf8 30. Bxf4 gxf4 31. Ree1 Bc5 32. Kg1 Bd3 33. Nh4 Rb8 34. Red1 Rxb3 35. Rxa6 Rxb2 36. Rxc6 Bxf2+ 37. Kh1 Bxh4 38. Nd5 Rg7 39. Nxf6+ Bxf6 40. Rxf6 Bxe4 41. Rg1 Bxg2+ 42. Rxg2 Rbxg2 43. h4 R2g4 0-1

[Event "Wroclaw Anderssen Memorial"]
[Site "Wroclaw"]
[Date "2022.07.30"]
[Round "1"]
[White "Ptak, Pawel"]
[Black "Zgadzaj, Rafal"]
[Result "0-1"]
[WhiteElo "1351"]
[BlackElo "2071"]
[PlyCount "64"]
[EventDate "2022.07.30"]
[EventType "swiss (rapid)"]
[EventRounds "9"]
[EventCountry "POL"]
[SourceTitle "CBM 209 Extra"]
[Source "ChessBase"]
[SourceDate "2022.09.30"]
[SourceVersion "1"]
[SourceVersionDate "2022.09.30"]
[SourceQuality "1"]

1. e4 d6 2. d4 Nf6 3. Nc3 g6 4. Nf3 Bg7 5. Bc4 0-0 6. 0-0 c6 7. Re1 b5 8. Bb3 b4 9. Nb1 a5 10. a3 Bb7 11. Bd2 Qb6 12. axb4 axb4 13. Rxa8 Bxa8 14. c3 Na6 15. e5 Nd5 16. Bxd5 cxd5 17. Bf4 bxc3 18. bxc3 dxe5 19. Bxe5 Bh6 20. Nbd2 Rc8 21. Qc2 Qa5 22. Rc1 Qa3 23. g4 f6 24. Bg3 Nb4 25. Qb1 Rxc3 26. Rxc3 Qxc3 27. Qe1 Kf7 28. g5 Bf8 29. gxf6 exf6 30. Qe3 Qa1+ 31. Kg2 Nc2 32. Qf4 Ne1+ 0-1

[Event "Wroclaw Anderssen Memorial"]
[Site "Wroclaw"]
[Date "2022.07.30"]
[Round "3"]
[White "Zgadzaj, Rafal"]
[Black "Hnydiuk, Aleksander"]
[Result "1-0"]
[WhiteElo "2071"]
[BlackElo "2388"]
[PlyCount "67"]
[EventDate "2022.07.30"]
[EventType "swiss (rapid)"]
[EventRounds "9"]
[EventCountry "POL"]
[SourceTitle "CBM 209 Extra"]
[Source "ChessBase"]
[SourceDate "2022.09.30"]
[SourceVersion "1"]
[SourceVersionDate "2022.09.30"]
[SourceQuality "1"]

1. Nf3 Nf6 2. g3 d5 3. Bg2 Nbd7 4. 0-0 e5 5. d3 Bd6 6. Nbd2 0-0 7. e4 c6 8. c3 Re8 9. Qc2 a5 10. b3 Nf8 11. a3 Ng6 12. Bb2 b5 13. Rfe1 Bb7 14. b4 Rc8 15. d4 exd4 16. Nxd4 Qb6 17. exd5 cxd5 18. Qd3 Ba6 19. Nf5 Ne5 20. Qd4 Bc7 21. Qxb6 Bxb6 22. Nd6 Nd3 23. Rxe8+ Rxe8 24. Nxe8 Nxe8 25. Rb1 Nf6 26. Nb3 Bxf2+ 27. Kh1 a4 28. Nd4 Be3 29. h3 Nh5 30. Kh2 g6 31. Bxd5 Bf2 32. Ne2 Bc8 33. c4 Nf6 34. Bxf6 1-0